Champions League Team Logos25/26 - Statistiken

Allgemein
  • Dieses Quiz wurde 60 mal gespielt
  • Das Durchschnittsergebnis liegt bei 11 aus 16
Antwortstatistiken
Bildquiz Antwort % Korrekt
Chelsea
98%
FC Barcelona
89%
FC Bayern
89%
Real Madrid
82%
PSG
75%
Sporting
73%
Liverpool
71%
Atletico Madrid
70%
Dortmund
66%
Athletic Club
59%
Monaco
59%
Napoli
57%
Qarabag
52%
ManCity
48%
Olympiakos
48%
Spurs
43%
Keine übereinstimmenden Quizze gefunden
Verteilung der Resultate
Anzahl Personen mit jedem Resultat
Perzentil nach korrekt beantworteten Fragen
Ihre Resultats-Entwicklung
Sie haben dieses Quiz noch nicht gespielt